000 01130nam a2200265 a 4500
001 44960
003 BD-RjUL
005 20211209053937.0
008 160721s1976 bg |||| b||| 000 0 ben d
035 _a(BD-RjUL)45078
040 _aBD-RjUL
_bben
_cBD-RjUL
041 _aben
082 _223
_a330.95492
_bSAB 1976
100 1 0 _aসাদেক, মোহাম্মদ
_9124876
245 1 0 _aবাংলাদেশের সমষ্টি- উন্নয়ন ও পল্লী পুর্নগঠন /
_cমোহাম্মদ সাদেক , আবদুল হালিম
260 _aঢাকা :
_bবাংলা একাডেমী,
_c১৯৭৬
300 _a২৫৩ পৃ. ;
_c২০ সেমি.
490 _aবাএ ;
_v৭৫৬
504 _aতথ্য নির্দেশনা
650 _aঅর্থনৈতিক অবস্থা
_zবাংলাদেশ
_9122999
650 _aEconomy Condition
_zBangladesh
_9137791
700 _aহালিম, আবদুল, যুগ্ম লেখক
_9137792
830 _aবাএ ;
_v৭৫৬
_9161718
942 _2ddc
_cBK
999 _c44960
_d44960